[Event "Frankfurt Ch 2012"]
[Site "Ffm-Kalbach, LAZ"]
[Date "2012.06.18"]
[Round "7.55"]
[White "Reuter, Klaus"]
[Black "Midanka, Vladimir"]
[Result "1/2-1/2"]
[WhiteElo "1402"]
[BlackElo "1619"]
[PlyCount "61"]
[EventDate "2012.??.??"]
[WhiteTeam "SV Griesheim(DA)"]
[BlackTeam "vereinslos"]

1. d4 Nf6 2. c4 e5 3. g3 Bb4+ 4. Bd2 Qe7 5. dxe5 Bxd2+ 6. Qxd2 Qxe5 7. Nf3 Qe7
8. Nc3 Nc6 9. Bg2 O-O 10. O-O b6 11. Nd4 Bb7 12. Nf5 Qe5 13. Qg5 g6 14. Nh6+
Kg7 15. Qxe5 Nxe5 16. Bxb7 Rab8 17. Ba6 Kxh6 18. Rad1 Rfd8 19. h3 d6 20. f4 Nc6
21. g4 Kg7 22. a3 Ne7 23. g5 Nd7 24. Nb5 Nc5 25. Nxc7 Rd7 26. b4 Rxc7 27. bxc5
dxc5 28. e4 Nc6 29. Rd5 Nd4 30. Rf2 Re7 31. e5 1/2-1/2

[Event "Frankfurt Ch 2012"]
[Site "Ffm-Kalbach, LAZ"]
[Date "2012.06.18"]
[Round "7.56"]
[White "Bernhardt, Winfried"]
[Black "Steiz, Johann"]
[Result "0-1"]
[WhiteElo "1304"]
[BlackElo "1598"]
[PlyCount "120"]
[EventDate "2012.??.??"]
[WhiteTeam "SV 1997 Nauheim"]
[BlackTeam "ESV Grossenbaum e.V. 1973"]

1. e4 c5 2. Nc3 Nc6 3. Nf3 e6 4. d4 cxd4 5. Nxd4 Nf6 6. Nxc6 bxc6 7. Be2 Bb4 8.
f3 O-O 9. Bd2 d5 10. e5 Nd7 11. a3 Be7 12. f4 a5 13. Na4 Nc5 14. Nxc5 Bxc5 15.
b4 Bb6 16. bxa5 Bxa5 17. O-O Qb6+ 18. Kh1 Bxd2 19. Qxd2 Qc5 20. Rf3 Ba6 21. Bd1
Bc4 22. a4 Rfb8 23. Rfa3 Rb2 24. Qe3 d4 25. Qc1 Rab8 26. Rg3 Qb4 27. c3 dxc3
28. Rxc3 Bd5 29. Bf3 Rb1 30. Rxb1 Qxb1 31. Bxd5 Qxc1+ 32. Rxc1 cxd5 33. Ra1 Kf8
34. Kg1 Ke7 35. a5 Kd7 36. Kf2 Kc7 37. Ra2 Kb7 38. Rb2+ Ka7 39. Rxb8 Kxb8 40.
Ke3 Kb7 41. Kd4 Ka6 42. f5 Kxa5 43. fxe6 fxe6 44. Kc5 g5 45. g4 h6 46. h3 Ka6
47. Kd4 Kb5 48. Kc3 Kc5 49. Kd3 d4 50. Kd2 Kd5 51. Ke2 Kxe5 52. Kd3 Kd5 53. Kd2
Ke4 54. Ke2 d3+ 55. Kd2 e5 56. Ke1 Ke3 57. Kd1 e4 58. Ke1 d2+ 59. Kd1 Kd3 60.
h4 e3 0-1

[Event "Frankfurt Ch 2012"]
[Site "Ffm-Kalbach, LAZ"]
[Date "2012.06.18"]
[Round "7.58"]
[White "Kletzerman, Simon"]
[Black "Lehmann, Gerit"]
[Result "1/2-1/2"]
[WhiteElo "1546"]
[BlackElo "1407"]
[PlyCount "145"]
[EventDate "2012.??.??"]
[WhiteTeam "SAbt TuS Makkabi Ffm"]
[BlackTeam "Sfr. Frankfurt 1921"]

1. e4 e6 2. d4 d5 3. exd5 exd5 4. Nf3 Bg4 5. Be2 Be7 6. Ne5 Be6 7. O-O Nd7 8.
Bf4 Bd6 9. Nd2 f6 10. Nd3 Nb6 11. Re1 Ne7 12. Bxd6 Qxd6 13. Nc5 Bc8 14. Bd3 O-O
15. Qf3 c6 16. Re2 Ng6 17. Qh5 f5 18. g3 Qf6 19. Nf3 Nc4 20. c3 b6 21. Ng5 h6
22. Nce6 Bxe6 23. Nxe6 Rf7 24. g4 Ne7 25. gxf5 Nxf5 26. Bxf5 Qxf5 27. Qxf5 Rxf5
28. b3 Nd6 29. Kg2 Ne4 30. Rc1 Kf7 31. f3 Ng5 32. Nxg5+ Rxg5+ 33. Kf2 Re8 34.
Rxe8 Kxe8 35. f4 Rf5 36. Kg3 Kf7 37. h4 g5 38. hxg5 hxg5 39. fxg5 Rxg5+ 40. Kf4
Kf6 41. a4 Rf5+ 42. Ke3 Ke6 43. Rh1 Rf7 44. b4 a6 45. Rh6+ Kd7 46. b5 axb5 47.
axb5 cxb5 48. Rxb6 Re7+ 49. Kd3 Re6 50. Rxb5 Kc6 51. Ra5 Re8 52. Kc2 Rb8 53.
Rc5+ Kd6 54. Kd3 Rb3 55. Ke3 Ra3 56. Kd3 Rb3 57. Ra5 Rb6 58. Ra4 Kc6 59. Kc2
Kd6 60. Rb4 Rc6 61. Kb3 Ke6 62. Rb5 Kd6 63. Ra5 Ke6 64. Rc5 Rb6+ 65. Ka4 Kd6
66. Ka5 Rb1 67. Rb5 Ra1+ 68. Kb6 Rc1 69. Rc5 Rb1+ 70. Ka7 Ra1+ 71. Kb7 Rb1+ 72.
Kc8 Rb6 73. Rc7 1/2-1/2

[Event "Frankfurt Ch 2012"]
[Site "Ffm-Kalbach, LAZ"]
[Date "2012.06.18"]
[Round "7.59"]
[White "Kirschner, Matthias"]
[Black "Heun, Andreas"]
[Result "1/2-1/2"]
[WhiteElo "1431"]
[BlackElo "1492"]
[PlyCount "115"]
[EventDate "2012.??.??"]
[WhiteTeam "SV 1997 Nauheim"]
[BlackTeam "SC Ladja Roßdorf"]

1. c4 Nf6 2. Nc3 e6 3. Nf3 d5 4. Qc2 c6 5. b3 d4 6. Ne4 Be7 7. Nxf6+ Bxf6 8. d3
c5 9. g3 Nc6 10. a3 e5 11. Nd2 Bf5 12. Bg2 Qd7 13. O-O Bh3 14. Rb1 Bxg2 15.
Kxg2 h5 16. h3 h4 17. g4 Be7 18. f3 O-O 19. Ne4 a5 20. Bd2 Ra6 21. Qc1 f5 22.
Nf2 f4 23. Ne4 Qc7 24. Qc2 Nd8 25. b4 cxb4 26. axb4 axb4 27. Bxb4 Bxb4 28. Rxb4
Nc6 29. Rb5 Rfa8 30. Rfb1 Ra2 31. R1b2 Ra1 32. Rxb7 Qa5 33. Qd2 Qa4 34. Nc5 Qd1
35. Qxd1 Rxd1 36. Rb1 Rd2 37. R7b2 Ra2 38. Rxd2 Rxd2 39. Kf2 Kf8 40. Ke1 Ra2
41. Kd1 Ra7 42. Nb3 Ke7 43. Rb2 Kd6 44. Kc1 Kc7 45. Kb1 Ra8 46. Nc5 Kd6 47.
Ne4+ Kc7 48. Ng5 Kd6 49. Rb6 Kc7 50. Rb5 Re8 51. Ne4 Ra8 52. c5 Ne7 53. Rb2 Nd5
54. Ra2 Rb8+ 55. Ka1 Rb7 56. Rb2 Ra7+ 57. Kb1 Kc6 58. Kc2 1/2-1/2

[Event "Frankfurt Ch 2012"]
[Site "Ffm-Kalbach, LAZ"]
[Date "2012.06.18"]
[Round "7.60"]
[White "Kirchmann, Gerhard"]
[Black "Möller, Wolfgang"]
[Result "1-0"]
[WhiteElo "1428"]
[BlackElo "1452"]
[PlyCount "67"]
[EventDate "2012.??.??"]
[WhiteTeam "SC Groß-Umstadt"]
[BlackTeam "SF Vonkeln 1931"]

1. d4 Nf6 2. Nf3 e6 3. c3 d5 4. Bf4 c5 5. e3 Nc6 6. Bb5 Bd7 7. Nbd2 a6 8. Bxc6
Bxc6 9. Ne5 Rc8 10. a4 Be7 11. h3 O-O 12. O-O cxd4 13. exd4 Bd6 14. Ndf3 Qc7
15. Re1 Rfe8 16. Bh2 Nd7 17. a5 f6 18. Nxd7 Bxd7 19. Bxd6 Qxd6 20. Qd2 Bb5 21.
Re3 Rc7 22. Rae1 Rce7 23. g3 Bd7 24. Kg2 e5 25. dxe5 fxe5 26. g4 Re6 27. Qc2
Rh6 28. Nxe5 Rhe6 29. f4 g5 30. Qf5 R8e7 31. Qxg5+ Rg7 32. Qd8+ Re8 33. Qb6 Qf8
34. Nxd7 1-0